000 00851nam a2200193 a 4500
008 150420s2002 ||||||||||||||||| || u
020 _a9789171064899
050 _aHC 79.P63 Saa
100 _aSaasa, Oliver
245 1 0 _aAid and poverty reduction in Zambia: mission unaccomplished
_cBy Oliver Saasa
260 _aSpain
_bGrafilur Artes Graficas
_c2002
300 _a141p.: ill.
350 _a32.95
650 _aPOVERTY--GOVERNMENT POLICY--AFRICA
650 _aECONOMIC ASSISTANCE--ZAMBIA
650 _aECONOMIC ASSISTANCE--DEVELOPING COUNTRIES
995 _aSPECIAL COLLECTIONS
_e745099
_FCBU-MAIN LIBRARY (Kitwe)
_I32.95
_jZAM HC 79.P63 Saa
_M1
_UAVAILABLE
_WMay 7, 2015
_y745099
_ZZambiana Collection
995 _aSPECIAL COLLECTIONS
_e745100
_FCBU-MAIN LIBRARY (Kitwe)
_I32.95
_jZAM HC 79.P63 Saa
_M2
_UAVAILABLE
_WMay 7, 2015
_y745100
_ZZambiana Collection
999 _c83864
_d83864